<?xml version="1.0" encoding="UTF-8"?>
<record
    xmlns:xsi="http://www.w3.org/2001/XMLSchema-instance"
    xsi:schemaLocation="http://www.loc.gov/MARC21/slim http://www.loc.gov/standards/marcxml/schema/MARC21slim.xsd"
    xmlns="http://www.loc.gov/MARC21/slim">

  <leader>01197nam a22002657a 4500</leader>
  <controlfield tag="005">20180803165459.0</controlfield>
  <controlfield tag="008">120229s2010    ck ag  gr     000 0dspa d</controlfield>
  <datafield tag="020" ind1=" " ind2=" ">
    <subfield code="a">9789588491424</subfield>
  </datafield>
  <datafield tag="041" ind1="0" ind2=" ">
    <subfield code="a">spa</subfield>
  </datafield>
  <datafield tag="044" ind1=" " ind2=" ">
    <subfield code="a">ck</subfield>
  </datafield>
  <datafield tag="082" ind1="0" ind2="4">
    <subfield code="a">628.1 </subfield>
    <subfield code="b">C718tj</subfield>
  </datafield>
  <datafield tag="110" ind1="1" ind2=" ">
    <subfield code="a">Colombia</subfield>
    <subfield code="b">Ministerio de Ambiente, Vivienda y Desarrollo Territorial</subfield>
    <subfield code="9">92336</subfield>
  </datafield>
  <datafield tag="245" ind1="1" ind2="0">
    <subfield code="a">Reglamento t&#xE9;cnico del sector de agua potable y saneamiento b&#xE1;sico :</subfield>
    <subfield code="b">T&#xED;tulo J: alternativas tecnol&#xF3;gicas en agua y saneamiento para el sector rural / </subfield>
    <subfield code="c">Ministerio de Ambiente, Vivienda y Desarrollo Territorial.</subfield>
  </datafield>
  <datafield tag="260" ind1=" " ind2=" ">
    <subfield code="a">Bogot&#xE1;</subfield>
    <subfield code="b">Ministerio de Ambiente, Vivienda y Desarrollo Territorial. Viceministerio de Agua y Saneamiento, </subfield>
    <subfield code="c">2010.</subfield>
  </datafield>
  <datafield tag="300" ind1=" " ind2=" ">
    <subfield code="a">282 p. : </subfield>
    <subfield code="b">il. ; </subfield>
    <subfield code="c">28 cm.</subfield>
  </datafield>
  <datafield tag="500" ind1=" " ind2=" ">
    <subfield code="a">Incluye glosario de siglas.</subfield>
  </datafield>
  <datafield tag="504" ind1=" " ind2=" ">
    <subfield code="a">Incluye bibliograf&#xED;a e &#xED;ndices.</subfield>
  </datafield>
  <datafield tag="650" ind1=" " ind2="4">
    <subfield code="a">Saneamiento ambiental</subfield>
    <subfield code="z"> Colombia.</subfield>
    <subfield code="9">1735</subfield>
  </datafield>
  <datafield tag="650" ind1=" " ind2="4">
    <subfield code="a">Abastecimiento de agua rural</subfield>
    <subfield code="z"> Colombia.</subfield>
    <subfield code="9">1736</subfield>
  </datafield>
  <datafield tag="650" ind1=" " ind2=" ">
    <subfield code="a">Desarrollo rural</subfield>
    <subfield code="z"> Colombia.</subfield>
    <subfield code="9">1516</subfield>
  </datafield>
  <datafield tag="650" ind1=" " ind2="4">
    <subfield code="a">Acueductos rurales</subfield>
    <subfield code="z"> Colombia.</subfield>
    <subfield code="9">1737</subfield>
  </datafield>
  <datafield tag="650" ind1=" " ind2="4">
    <subfield code="a">Alcantarillado rural</subfield>
    <subfield code="z"> Colombia.</subfield>
    <subfield code="9">1738</subfield>
  </datafield>
  <datafield tag="650" ind1=" " ind2="4">
    <subfield code="a">Tratamiento de aguas residuales</subfield>
    <subfield code="z"> Colombia.</subfield>
    <subfield code="9">1739</subfield>
  </datafield>
  <datafield tag="942" ind1=" " ind2=" ">
    <subfield code="2">ddc</subfield>
    <subfield code="c">Impreso</subfield>
  </datafield>
  <datafield tag="999" ind1=" " ind2=" ">
    <subfield code="c">7599</subfield>
    <subfield code="d">7599</subfield>
  </datafield>
  <datafield tag="952" ind1=" " ind2=" ">
    <subfield code="0">0</subfield>
    <subfield code="1">0</subfield>
    <subfield code="2">ddc</subfield>
    <subfield code="4">0</subfield>
    <subfield code="7">0</subfield>
    <subfield code="8">GENERAL</subfield>
    <subfield code="I">INV2017</subfield>
    <subfield code="a">Bogota</subfield>
    <subfield code="b">Bogota</subfield>
    <subfield code="d">2013-08-21</subfield>
    <subfield code="e">Instituto</subfield>
    <subfield code="g">39000.00</subfield>
    <subfield code="l">0</subfield>
    <subfield code="o">LB 628.1  C718tj</subfield>
    <subfield code="p">028488</subfield>
    <subfield code="r">2013-08-21 00:00:00</subfield>
    <subfield code="t">Ej. 1</subfield>
    <subfield code="w">2013-08-21</subfield>
    <subfield code="x">Original</subfield>
    <subfield code="y">LIBRO</subfield>
  </datafield>
</record>
